MARC

LEADER 00000nam0a2200000 4500
001 103632
005 20231101214510.0
035 |a (RuTPU)RU\TPU\book\111726 
090 |a 103632 
100 |a 20061020d1986 km y0rusy50 ca 
101 0 |a rus 
102 |a RU 
105 |a a z 001zy 
200 1 |a Высокотемпературные технологические процессы. Теплофизические основы  |f Н. Н. Рыкалин, А. А. Углов, Л. М. Анищенко  |g Академия Наук СССР; Институт металлургии; под ред. К. П. Гурова 
210 |a Москва  |c Наука  |d 1986 
215 |a 172 с.  |c ил. 
320 |a Библиогр.: с. 169-170. 
606 1 |a Металлообработка высокими энергиями  |2 stltpush  |3 (RuTPU)RU\TPU\subj\42496  |9 62162 
606 1 |a Теплофизика высокотемпературная  |2 stltpush  |3 (RuTPU)RU\TPU\subj\59815  |9 77312 
610 1 |a термодинамика 
610 1 |a теплофизические процессы 
610 1 |a теплопередача 
610 1 |a высокие температуры 
610 1 |a высокотемпературные процессы 
610 1 |a металлы 
610 1 |a обработка 
610 1 |a технологические процессы 
610 1 |a математические методы 
610 1 |a плазменная обработка 
610 1 |a монокристаллы 
610 1 |a нагрев 
610 1 |a тепломассообмен 
610 1 |a фазовые переходы 
610 1 |a библиотека А. Г. Стромберга 
675 |a 621.7.044  |v 3 
675 |a 536.45  |v 3 
700 1 |a Рыкалин  |b Н. Н.  |g Николай Николаевич 
701 1 |a Углов  |b А. А.  |g Александр Алексеевич 
701 1 |a Анищенко  |b Л. М.  |g Лев Михайлович 
702 1 |a Гуров  |b К. П.  |4 340 
712 0 2 |a Академия наук СССР (АН СССР)  |b Институт металлургии им. А. А. Байкова (ИМЕТ)  |c (Москва)  |2 stltpush  |3 (RuTPU)RU\TPU\col\312 
801 1 |a RU  |b 63413507  |c 20061020  |g PSBO 
801 2 |a RU  |b 63413507  |c 20171011  |g PSBO 
900 |a Физические основы высокотемпературных технологий в машиностроении 
942 |c BK